000 00741nam a22002417a 4500
003 UA-OsUOA
001 57281
007 ta
008 20081212b un ||||| |||| 00| 0 ukr d
100 _aТимченко Г.П.
090 _a347.1
_bТ41
942 _cBK
040 _aUA-OsUOA
_bukr
_cUA-OsUOA
_dUA-OsUOA
245 _aПринципи цивільної юрисдикції: теорія, історія, перспективи розвитку
_bМонографія
300 _a412 с.
955 _a2
041 _aukr
080 _a347.1
020 _a966-8602-29-3
260 _aК.
_bЮридична думка
_c2006
650 7 _a347 Цивільне право. Судовий устрій
_2UDC
999 _c343357
_d343357